Statistics for Country Names Unscrambled: Spot the Extra Letter! (196 Countries)

Click here to take the quiz!

General Stats

  • This quiz has been taken 65 times
  • The average score is 132 of 196

Answer Stats

ANAGRAMLETTER% Correct
ABCDUD
98%
ACDHXX
95%
AGOOTA
93%
AADJNPD
91%
ADIQRD
91%
AILOSI
91%
FIIIJI
91%
AILMMM
91%
AAMOOSO
91%
AMNOOO
91%
AAEQRTE
89%
ABGGNOG
89%
EHPRUH
89%
AHINRH
89%
ADIIINI
89%
AALPUUU
89%
ABILUYU
89%
ACEHILA
88%
ADDNSUD
88%
AAAEMNPE
88%
AEGNOTE
88%
BEGINNG
88%
AAACDKNK
88%
EGMPTYM
88%
ACHINNN
88%
AALMPTP
88%
AEKNSYS
88%
AILTTYT
88%
AIRSYZZ
88%
AACMNOOA
86%
AAAILMWA
86%
AAAGNUYA
86%
EEFMNYF
86%
AAGHLNL
86%
AELNNPN
86%
AINOPSO
86%
EGINRZZ
86%
AABEIRSA
84%
AABGIIMI
84%
AABIKMZK
84%
ABMMRUM
84%
AHIIPTP
84%
ABILPRZP
84%
ANRSUUS
84%
AABDNRWB
82%
AABILTVB
82%
AAGINTWG
82%
ABHINTUI
82%
ACEFMNRM
82%
AAGLNOSS
82%
KOOOSSVS
82%
BEEIILZI
81%
AADGNOUO
81%
ADJJNORJ
79%
CEIJMOXJ
79%
AEILQRSQ
79%
DEENRSWR
79%
ANORRWYR
79%
CEEEGRTT
79%
EKRTTUYT
79%
CPRSUYZZ
79%
ADIRSSUD
77%
ALOTUUVO
77%
ADLNOPWW
77%
AIKPTUWP
75%
AADFILNNA
74%
AAABCHMSC
74%
AABIILOVA
72%
AAACHIJMH
72%
AAABIJLNJ
72%
BEINORUO
72%
BDIIJOPTUP
72%
AEGINSUS
72%
AABEGILRB
70%
ACEGMNRYC
70%
AABIIIMNI
70%
AADKNORRK
70%
AAIMNORXX
70%
AABHINRYY
70%
ADEHIIOPTD
68%
AADEGGNRG
68%
AACIJORTJ
68%
AAILMOPSP
68%
AGILMNOOQQ
68%
ABELRSUUU
68%
ABIIIKRTXX
68%
AANTUUVYY
68%
AAIIRSTUI
67%
AAEIKMNRK
67%
ACDEKORUK
67%
ACDEILNOO
67%
CMOOOPRSP
67%
ABELNNOYY
67%
ABBEEIMWZE
65%
EEHLOOSTE
65%
AEGLOPRTUE
65%
CCKMOOORK
65%
ADEKMMNRM
65%
AEILNNOSVN
65%
AADHILNNTN
65%
ABEIILPRP
65%
ADHNORSSUS
65%
AABBDORSSS
65%
ADEILMSTVT
65%
ADLMOOVWW
65%
ACDIIMNOXX
65%
AEEGLNSXX
65%
AAAILMSYZZ
65%
AAABGILRUA
63%
BDDINRUUD
63%
ABCIJLMOOJ
63%
AAAIJNNTZJ
63%
AAIKLNOSVN
63%
AABNOOSTWO
63%
BEGILMOUO
63%
ADEILNPRP
63%
ACEMNOORRR
63%
AEIMNRRSUR
63%
AAIKNPSTUU
63%
AEIMNTVXX
63%
AEINOSTZZ
63%
AGRUUUYZZ
63%
AAAEGGLMTUG
61%
AAABEHIJNRZH
61%
AEEHIRRTH
61%
AAAIJLRSTUJ
61%
AEGILNOPRSL
61%
AEGGILORL
61%
AGHNNRUYN
61%
AAAHKKNQSTZQ
61%
AAAACDGMRSSS
61%
AABCDIMOSS
61%
AACCIORSTVV
61%
AAACDGINRUD
60%
AADEGINNRTD
60%
ACDEEEKPRVK
60%
AEEELMNUVZM
60%
AAIMNNNORSN
60%
ADEIINNOOSO
60%
AADILNSSWZS
60%
AAIKLNRSTT
60%
AEGIINRUU
60%
AIINSTUVV
60%
AAAGPRUVYV
60%
AACDEFIMNOF
58%
AAHIILNOTUO
58%
AEIKNORUO
58%
AIIMRSTUUWW
58%
AEIMNORSTTN
56%
AABDEGHLNNSN
56%
AABCIILNSTUB
54%
AADDEELNNWZD
54%
AAAEIIMNRTUE
54%
ABEIMMOQUXZX
54%
AAAFFGHINNSTF
53%
AACCIIJNTTVYJ
53%
CEEEHKLLSSYK
53%
EEGMNNOORRTR
53%
EHIIILNPPPSVV
53%
AADEHLLORSVH
51%
ADEHILNRSTWZH
51%
ABEIKLNSTUZL
51%
AAIIJKNSTTUU
51%
BEGLMORUUXYY
51%
ADDEEHLNNRSTD
49%
-AABEEGIINSSUUE
49%
AACFFHIORSTUF
49%
ADHINOSSTUUI
49%
AGKMNRSTYYZM
49%
AABFIKNOORSUO
49%
ADEEINSSTTTUWW
49%
AAABEEGINNPPUUWB
47%
AAAABBDIIRSUB
47%
AEEEIILNORRSI
47%
AEHKKNOORRTK
47%
AEHKOORRSTUR
47%
CDEEIIOORTTVT
47%
BCCCEEHILPRUVZV
47%
AAABCDDEEEEGHIIINNNNNNRSSTTTVB
46%
AAACCDDEEEEEFFIIMNOORRSSSTTTC
46%
AAACDHILLLMNRSSSC
46%
CEEEFHIILNNSTTF
46%
ABCCCCDEEEFGHIIILMNOOOOPRRTTUI
46%
AAAAABBDDGIJNNRTUUJ
46%
AEIKLMNNRSTTUL
46%
DDEGIIKMNNOQTUQ
46%
AADEIIIKNNNSSSTTTVVV
46%
AAABDDDGIINNOORTTXX
46%
AAABDEEEIIMNORRSTTUO
44%
AAAEEGIILNOQRSTUUS
44%
ADILLMNNOOOSSSTT
44%
AAACDEEIIMNNOOPPRSTA
42%
AAABCDEEGHIINNNOORSVZC
42%
ABCCDEHIIILMNNOPRUH
42%
AAABCCCEEFIILLNNPQRRRTUQ
42%
BCCEEFGHILLNOOOPRTUL
40%

Score Distribution

Percentile by Number Answered

Percent of People with Each Score

Your Score History

You have not taken this quiz